| 000 | 00766nam a2200229Ia 4500 | ||
|---|---|---|---|
| 005 | 20241129104128.0 | ||
| 008 | 241129s9999||||xx |||||||||||||| ||und|| | ||
| 020 | _a9780226801254 | ||
| 037 | _aTextual | ||
| 040 |
_aRTL _beng _cRTL |
||
| 041 |
_aeng _2eng |
||
| 084 |
_aX:(B28):(D6,9(B) R2 _qRTL |
||
| 100 |
_aAbraham Katharine G; Jarmin Ron S; Moyer Brian C _9724897 |
||
| 245 | 0 |
_aBig data for twenty-first -century economic statistics _cAbraham Katharine G; Jarmin Ron S; Moyer Brian C |
|
| 260 |
_aLondon _bUniversity of Chicago Press _c2022 |
||
| 300 | _axi,489p. | ||
| 365 |
_aINR _b10688.6 |
||
| 490 | _aStudies in Income and Wealth;Volume 79 | ||
| 650 | _aEconomics | ||
| 942 |
_cTB _hX:(B28):(D6,9(B) R2 |
||
| 999 |
_c1224542 _d1224542 |
||